| 000 | 02776cam a2200397 i 4500 | ||
|---|---|---|---|
| 999 |
_c9143 _d9143 |
||
| 001 | 71812775 | ||
| 003 | OCoLC | ||
| 005 | 20241126110706.0 | ||
| 008 | 060926s2006 miu b 001 0 eng | ||
| 010 | _a2006032090 | ||
| 020 |
_a9780310211297 _q(acid-free paper) |
||
| 020 |
_a0310211298 _q(acid-free paper) |
||
| 035 | _a(OCoLC)71812775 | ||
| 040 |
_aDLC _beng _erda _cDLC _dBAKER _dBTCTA _dYDXCP _dWTS _dOCLCQ _dBDX _dHNW _dOCLCA _dOCLCQ _dOCLCF _dP4I _dOCLCO _dOCLCQ _dCHC _dXBE |
||
| 050 | 0 | 0 |
_aBS1335.53 _b.K66 2006 |
| 082 | 0 | 0 |
_a220.77 _a222.5077 _222 _bNIV |
| 100 | 1 |
_aKonkel, August H. _0http://id.loc.gov/authorities/names/no2004006275 _915952 |
|
| 245 | 1 | 0 |
_a1 & 2 Kings : _bfrom biblical text-- to contemporary life / _cAugust H. Konkel. |
| 246 | 3 | _aOne and two Kings | |
| 246 | 3 | _aFirst and second Kings | |
| 264 | 1 |
_aGrand Rapids, Mich. : _bZondervan, _c[2006] |
|
| 264 | 4 | _c℗♭2006 | |
| 300 |
_a704 pages ; _c25 cm. |
||
| 336 |
_atext _btxt _2rdacontent |
||
| 337 |
_aunmediated _bn _2rdamedia |
||
| 338 |
_avolume _bnc _2rdacarrier |
||
| 490 | 1 | _aThe NIV application commentary. | |
| 504 | _aIncludes bibliographical references and indexes. | ||
| 505 | _aReaders of 1 and 2 Kings commonly approach these books as a straightforward chronology of post-Davidic Israel: the inauguration of Solomon's reign, the division of the kingdom following his death, and Israel's and Judah's ensuing kings, conflicts, captivities, and overarching spiritual decline. In reality, however, the books of the Kings fall into the collection known as the Former Prophets, and their true story and underlying theme center on such personalities as Nathan, Elijah, Elisha, and other divinely appointed spokesmen. It is God's interaction with his people by way of his prophets and their kings--his pleadings, his warnings, and the fulfillment of his words--that comes across again and again. God speaks; now will his people hear, believe, and respond? The question is as relevant for us today as it was for the ancient Israelites. Bridging the centuries, August Konkel connects past context to contemporary circumstances, helping us grasp the meaning and signifance of 1 and 2 Kings and take to heart their message for us today. --From publisher's description. | ||
| 630 | 0 | 0 |
_aBible. _pKings _0http://id.loc.gov/authorities/names/n82066851 _vCommentaries. _0http://id.loc.gov/authorities/subjects/sh99001404 _915953 |
| 655 | 7 |
_aCommentaries. _2fast _0http://id.worldcat.org/fast/1423723 _9875 |
|
| 830 | 0 |
_aNIV application commentary. _0http://id.loc.gov/authorities/names/n94048887 _91769 |
|
| 856 | 4 | 1 |
_3Table of contents _uhttp://catdir.loc.gov/catdir/toc/ecip072/2006032090.html |
| 856 | 4 | 1 |
_3Table of contents only _uhttp://www.loc.gov/catdir/toc/ecip072/2006032090.html |
| 942 |
_2ddc _cREF |
||